000 00407nam a2200133Ia 4500
005 20260326235453.0
008 260326s9999||||xx |||||||||||||| ||und||
100 _aRudofsky, Bernard
245 0 _aArquitectura sin Arquitectos :
_b Breve Introducción a la Arquitectura sin genealogía /
_cBernard Rudofsky
260 _bUniversitaria de Buenos Aires
300 _a156 p.
650 _aANTIGUEDAD
942 _cBK
999 _c7824
_d7824